<?xml version="1.0" encoding="UTF-8"?><?xml-stylesheet type="text/xsl" href="static/style.xsl"?><OAI-PMH xmlns="http://www.openarchives.org/OAI/2.0/" xmlns:xsi="http://www.w3.org/2001/XMLSchema-instance" xsi:schemaLocation="http://www.openarchives.org/OAI/2.0/ http://www.openarchives.org/OAI/2.0/OAI-PMH.xsd"><responseDate>2026-06-02T19:38:07Z</responseDate><request verb="GetRecord" identifier="oai:riuma.uma.es:10630/10597" metadataPrefix="marc">https://riuma.uma.es/rest/oai/request</request><GetRecord><record><header><identifier>oai:riuma.uma.es:10630/10597</identifier><datestamp>2026-02-03T12:22:19Z</datestamp><setSpec>com_10630_2254</setSpec><setSpec>col_10630_37959</setSpec></header><metadata><record xmlns="http://www.loc.gov/MARC21/slim" xmlns:dcterms="http://purl.org/dc/terms/" xmlns:doc="http://www.lyncode.com/xoai" xmlns:xsi="http://www.w3.org/2001/XMLSchema-instance" xsi:schemaLocation="http://www.loc.gov/MARC21/slim http://www.loc.gov/standards/marcxml/schema/MARC21slim.xsd">
   <leader>00925njm 22002777a 4500</leader>
   <datafield ind2=" " ind1=" " tag="042">
      <subfield code="a">dc</subfield>
   </datafield>
   <datafield ind2=" " ind1=" " tag="720">
      <subfield code="a">Manetti, Alessandro</subfield>
      <subfield code="e">author</subfield>
   </datafield>
   <datafield ind2=" " ind1=" " tag="260">
      <subfield code="c">2015-10-26</subfield>
   </datafield>
   <datafield ind2=" " ind1=" " tag="520">
      <subfield code="a">“De la Organización Europea para la Investigación Nuclear (CERN) han salido descubrimientos que han valido premios Novel y proyectos de una trascendencia difícil de calcular, como la World Wide Web, el CERN alberga el mayor acelerador de partículas: El Gran Colisionador de Hadrones (LHC).  Desde hace dos años, el CERN abre sus puertas a universidades y centros de todo el mundo para que formen parte del Challenge Based Innovation (CBI), una iniciativa en la que estudiantes utilizan las instalaciones y el conocimiento del CERN para buscar respuestas a grades problemas de la humanidad. «Se trata de combinar el mundo de la ciencia con la  sociedad para crear soluciones revolucionarias» (…) entre la teoría y la práctica siempre hay diferencias. A la hora de sacar adelante las ideas comenzaron a surgir los verdaderos desafíos. La multidisciplinariedad de los estudiantes —diseño, tecnología y negocio— supuso más de un problema, ya que los diversos enfoques tenían que coincidir sin que ninguno se sobrepusiera. Lograr equilibrio y consenso era clave. Alessandro Manetti resume lo que sería una combinación exitosa: ´Con el diseño se permite que lo tecnológico y funcional sea vello, por lo que se integra mejor en la sociedad”.</subfield>
   </datafield>
   <datafield ind1="8" ind2=" " tag="024">
      <subfield code="a">http://hdl.handle.net/10630/10597</subfield>
   </datafield>
   <datafield tag="653" ind2=" " ind1=" ">
      <subfield code="a">Diseño industrial</subfield>
   </datafield>
   <datafield ind2="0" ind1="0" tag="245">
      <subfield code="a">Design Thinking en el CERN: Como el proceso de diseño, el management y la tecnología pueden cambiar la vida de las personas</subfield>
   </datafield>
</record>
</metadata></record></GetRecord></OAI-PMH>